00525nam a2200241Ia 4500003000400000005001700004008004000021040000700061041000800068082001100076100002000087245005100107260003500158300001100193650001100204650001000215650001000225650000800235650000700243650001100250650001400261650000800275OSt20231106144058.0210210b1962 xxu||||| |||| 00| 0 eng d cAL aeng a090/28 aRAU (Govinda B) aOne world: plans of education and other essays aMangalorebNot Mentionedc1962 aiv,131 aworld: aplans aother aOne aof aessays aeducation aand